[Event "FIDE World Cup"]
[Site "Khanty-Mansiysk"]
[Date "2011.09.03"]
[Round "3.1"]
[White "Ivanchuk, Vassily"]
[Black "Sutovsky, Emil"]
[Result "0-1"]
[WhiteElo "2768"]
[BlackElo "2700"]
[Annotator "Moradiabadi,E"]
[PlyCount "80"]
[EventDate "2011.08.28"]
[EventType "k.o."]
[EventRounds "7"]
[EventCountry "RUS"]
[SourceTitle "CBM 145"]
[Source "ChessBase"]
[SourceDate "2011.11.11"]
[SourceVersion "1"]
[SourceVersionDate "2011.11.11"]
[SourceQuality "1"]

1. e4 c5 2. Nf3 d6 3. d4 cxd4 4. Nxd4 Nf6 5. f3 {White is aiming for the
Marcozy Bind in view of Black's "non-drastic" way of developing.} e5 {The best
move in my opinion.} 6. Nb3 (6. Bb5+ Bd7 (6... Nbd7 7. Nf5 d5 8. exd5 a6 9.
Bxd7+ Qxd7 10. Ne3 b5 $44) 7. Bxd7+ Qxd7 $2 (7... Nbxd7 8. Nf5 d5 9. exd5 Nb6
10. Bg5 Qd7 $1 11. Bxf6 {1/2-1/2 Socko,B (2656)-Sasikiran,K (2669)/Warsaw 2009/
CBM 132}) 8. Nf5 d5 9. Bg5 $1 dxe4 $2 10. Bxf6 $1 Qxd1+ 11. Kxd1 gxf6 12. fxe4
Nc6 13. c3 Rg8 14. g3 Rd8+ 15. Nd2 Ne7 16. Kc2 $16 {1-0 Salov,V (2710)
-Ljubojevic,L (2580)/Buenos Aires 1994/CBM 044 (44)}) 6... Be7 (6... d5 $6 7.
Bg5 Be6 8. Bxf6 gxf6 9. exd5 Qxd5 10. Qxd5 Bxd5 11. Nc3 Be6 (11... Bc6 12.
O-O-O a6 13. Na5 $14 {1-0 Hess,R (2588)-Andriasian,Z (2588)/Chalkis 2010/CBM
137 Extra (57)}) 12. O-O-O Nd7 13. Nb5 Ke7 $13 {1/2-1/2 McShane,L (2615)
-Lupulescu,C (2599)/Novi Sad 2009/CBM 133 (61)}) 7. c4 a5 8. Be3 a4 9. Nc1 {
A very odd choice. Ivanchuk suffered a defeat against Gelfand after the more
cogent knight retreat.} (9. N3d2 Qa5 10. Qc2 Nc6 11. Qc3 Bd8 $5 $132 {0-1
Ivanchuk,V (2787)-Gelfand,B (2736)/Moscow 2007/EXT 2008 (48)}) 9... Qa5+ 10.
Qd2 Bd8 $5 {Sutovsky stays faithful to Gelfand's plan. Black's opts for an
active place for his dark-squared bishop before finishing his development.} 11.
Ne2 $5 {This is probably what Ivanchuk had in mind, when he played his N to c1.
He tries to take advantage of Black's weakened pawn structure by putting his
knights on a3 and c3.} Be6 12. Na3 Qxd2+ 13. Kxd2 Ba5+ 14. Nc3 Nc6 15. Nab5 Ke7
16. Be2 Rhc8 17. Rhc1 Bb4 18. Rab1 Nd7 {Sutovsky prepares ...Bc5.} (18... Bc5
$6 {This natural moves seems premature.} 19. Nd5+ Bxd5 20. cxd5 Bxe3+ 21. Kxe3
{And White's "bad" bishop does not seem that bad! White is slightly better
here.} Nb4 22. Nc3 Ra5 23. a3 Na6 24. Bd1 $1 {White provokes weaknesses in
Black's position.} b5 25. Be2 Rb8 26. Na2 $1 $14 {[%csl Rc6][%cal Gc1c2,Gb1c1]}
) 19. Ke1 Bc5 20. Bf2 Na5 21. Nd5+ Bxd5 22. cxd5 (22. exd5 Bxf2+ 23. Kxf2 Nc5
24. Rc3 f5 25. b4 axb3 26. axb3 Nc6 {[%csl Rb5]} 27. b4 Na4 28. Ra3 Nd4 29.
Nxd4 exd4 30. Rba1 Nb6 31. Rxa8 Rxa8 32. Rxa8 Nxa8 33. f4 $1 $14 {White fixes
Black's weakness. It is not clear wehther White would be able to win this
ending or not, however, this continuation is definitely preferable to the one
in the game!}) 22... g6 23. Bh4+ {Te move is not bad, but this is the moment
when Ivanchuk starts to go astray in the game.} (23. Bxc5 Rxc5 24. Rxc5 Nxc5
25. Nc3 Rc8 26. Bb5 f5 27. Ke2 $14 {[%csl Ya4,Ra5]}) 23... f6 24. Kd2 g5 25.
Bg3 f5 $1 {A strong tactical solution which becomes possible thanks to the
momentalry weakness of the d5-pawn.} 26. exf5 $2 (26. Kd3 Bb6 27. exf5 Nf6 28.
h4 {seems more appealing.}) 26... Nf6 27. Nc3 (27. h4 {is not possible anymore
as a result of the fork on e4} g4 {[%csl Yd2,Yg3]}) 27... Bb4 28. Kd3 Rc4 29.
Bf2 Rac8 {Black has activated all his pieces and has full compensation for the
sacrificed pawn.} 30. Be3 a3 $2 {A hasty decision near the time pressure which
makes the final phase of the game quiet dramatic. It would have been better if
Sutovsky had remained cool!} (30... h6 {and it is hard to suggest anything
that favours White.}) 31. Nb5 $2 {Returns the favor.} (31. Ne4 Nxd5 32. Rxc4
Nxc4 33. Bxg5+ Kf8 34. bxa3 Bxa3 35. Bh6+ Kg8 {and here White can keep his
head cool and calmly put his king under the discovered-double check on the
c-file!} 36. Kc2 {But who dares to make such a move?!} Nce3+ 37. Kb3 $16) 31...
axb2 32. Rxc4 Nxc4 33. Bxg5 e4+ $1 {Now Black has a dangerous initiative.} 34.
Kd4 Na3 35. Nxa3 $2 {The final mistake which seals his fate.} (35. Bxf6+ Kxf6
36. Nxa3 exf3 37. Bxf3 Bxa3 38. Be4 {and besides all of his problems, White
can resist stubbornly.}) 35... Bc5+ $1 {This intermediate check made
Ivanchuk's day gloomy!} 36. Kc3 Bxa3+ 37. Bc4 b5 38. Kb3 bxc4+ 39. Kxa3 c3 40.
fxe4 Rb8 {Sutovsky played the final phase very well.} 0-1

[Event "FIDE World Cup"]
[Site "Khanty-Mansiysk"]
[Date "2011.09.05"]
[Round "3.3"]
[White "Sutovsky, Emil"]
[Black "Ivanchuk, Vassily"]
[Result "0-1"]
[WhiteElo "2700"]
[BlackElo "2768"]
[Annotator "Marin,M"]
[PlyCount "84"]
[EventDate "2011.08.28"]
[EventType "k.o."]
[EventRounds "7"]
[EventCountry "RUS"]
[SourceTitle "CBM 145"]
[Source "ChessBase"]
[SourceDate "2011.11.11"]
[SourceVersion "1"]
[SourceVersionDate "2011.11.11"]
[SourceQuality "1"]

1. e4 g6 ({The move order characteristic for the Pirc, to which we will
transpose soon, is:} 1... d6 2. d4 Nf6 3. Nc3 g6 4. Nf3 Bg7 5. h3 O-O 6. Be3 c6
7. a4 Nbd7 ({I must confess that, not being very keen to allow the freezing of
the queenside with a4-a5, I have prepared} 7... b6 {at a certain point. After
seing the present game, I feel ready to play the way Ivanchuk did.}) 8. a5 {
and we are back into the game.}) 2. d4 Bg7 3. Nc3 d6 4. Be3 c6 5. a4 Nf6 6. h3
Nbd7 7. Nf3 O-O 8. a5 Qc7 9. Qd2 {White delays the development of the
f1-bishop, in order to keep the possibility of playing Bc4 without loss of
time. This is logical from the concrete point of view, but abstractly it may
be risky to delay the kingside development.} (9. Be2 {can safely be answered
with} e5) 9... Re8 $5 {A rare move, unearthed by Ivanchuk who is permanently
searching for the truth. It appears that Black can embark on the half-waiting
game, too.} (9... e5 10. dxe5 Nxe5 (10... dxe5 11. Bc4 $14) 11. Be2 (11. Nxe5
dxe5 {is comfortable for Black, as in Brynell,S (2475)-Gavrikov,V (2555)/
Gothenburg 1998/CBM 063/[Yudasin,L] (1/2, 48)}) 11... Be6 {leaves Black in a
passive form of the Philidor structure. The d6-pawn is vulnerable and the
queenside not easy to promote.} 12. O-O (12. Nd4 Qe7 13. Nxe6 Qxe6 14. O-O Nc4
15. Bxc4 Qxc4 16. Ra4 Qe6 17. Rd1 Rfd8 18. Rd4 $14 {Borm,F (2355)-Van der
Sterren,P (2460)/Roosendaal 1983/EXT 2001 (1-0, 31)}) 12... Rfd8 13. Bg5 Rd7
14. Rfd1 Nxf3+ 15. Bxf3 d5 16. Bf4 Qd8 17. exd5 Nxd5 18. Nxd5 Bxd5 19. c4 Be6
20. Qb4 $14 {Schandorff,L (2485)-Hoi,C (2435)/Denmark 1996/CBM 053 (1-0, 30)})
10. Bc4 {Directed against...e7-e5.} (10. Be2 e5 11. dxe5 dxe5 (11... Nxe5 {
is similar to the lines with ...Nxe5 above, with the difference that Black has
committed his king's rook already.} 12. O-O Nxf3+ 13. Bxf3 Be6 14. Bf4 Bf8 15.
Rfd1 Red8 {A necessary loss of time, since 15...Rad8 would leave the a7-pawn
unprotected, allowing the double attack 16.Qd4.} 16. Ra4 $16 {Yemelin,V (2520)
-Zaichik,G (2530)/Moscow 1994/CBM 044 ext (0-1, 39)}) 12. O-O Bf8 $1 {This is
the start of a coherent regrouping, based on ...Nc5 eventually followed by ...
Ne6.} 13. Bc4 (13. Ng5 h6 14. Nf3 {only helps Black get some kingside space.}
Kh7 15. Nh2 {Consequent, but unsound. After having slightly weakened the enemy
kingside, White intends to attack. Black's counterattack in the centre will
prove faster.} Nc5 16. Bd3 Be6 $15 17. f4 Rad8 18. f5 gxf5 19. exf5 Bc4 {
White suffered material loses without managing to prove any constructive
attacking idea in Adianto,U (2485)-Kakageldyev,A (2350)/Manila 1992/TD (0-1,
29)}) (13. Ra4 {as played in Ammann,P-Mortensen,E/Winterthur 1976/EXT 2003 
(1-0, 40) should have been met with} Nc5 $1 $146 14. Rc4 Rd8 15. Qc1 Ne6 16. b4
Nh5 $132) 13... Nc5 14. Ng5 Be6 15. Qe2 (15. Bxc5 Bxc4 $15) (15. Nxe6 Nxe6 {
/\...Rad8, ...Nd4} 16. Bxe6 Rxe6 17. Rfd1 Bb4 $132) 15... h6 $6 {Allowing 
(actually provoking) the unnecessary weakening of his own kingside.} ({The
simpler} 15... Bxc4 $1 {is enough for equality:} 16. Qxc4 b5 17. axb6 axb6 $11
18. b4 $6 b5 $1 19. Qxf7+ Qxf7 20. Nxf7 Kxf7 21. bxc5 Nd7 $15) 16. Bxc5 (16.
Nxe6 Nxe6 17. Qf3 $14) 16... Bxc5 17. Nxe6 fxe6 18. g3 Kg7 19. Kg2 Rad8 20. Bd3
Bd4 21. Na4 a6 22. c3 Ba7 23. b4 Nh5 24. Nb2 Qe7 25. Rad1 $14 {Friedel,J (2477)
-Abbasov,F (2505)/Sautron 2007/EXT 2008 (0-1, 58)}) 10... Nxe4 {This is one of
the aspects of Black's flexibility in the Pirc. Preparing ...e7-e5 does not
imply carrying it out under any circumstances. One can have B-plans in reserve.
} (10... Rb8 $4 {takes away an important square for the queen allowing} 11.
Bxf7+ {1-0 Borm,F-Beekman/Amsterdam 1981} Kxf7 12. Ng5+ Kg8 13. Ne6 {and Her
Majesty is trapped!}) 11. Nxe4 (11. Bxf7+ Kxf7 12. Nxe4 {looks more active,
but has the drawback of leaving the light squares insufficiently well
protected. After a4-a5, this may become an important factor.} Nf6 13. Ng3 Kg8
14. O-O Be6 {/\...b5} 15. Ng5 Bd7 (15... Bd5 16. Qd3 {ץd5}) 16. c4 b5 $132)
11... d5 12. Bb3 $146 (12. Bf4 e5 $1 13. dxe5 $6 {Unnecessarily opening the
central files.} (13. Bh2 $13) 13... Nxe5 14. Bb3 Bf5 (14... Nxf3+ 15. gxf3 Be5
$17) 15. Nd4 (15. Nfg5 $15) 15... Bxe4 $17 {Hartston,W (2460)-Koshy,V (2380)/
Delhi 1982/MCD (0-1, 57)}) (12. Bd3 $6 dxe4 ({The spectacular} 12... e5 $5 {
may just transpose}) 13. Bxe4 e5 $17 {With his king still in the centre, White
is not well prepared for this kind of tense situation.}) (12. Bxd5 cxd5 13. Nc3
e5 $5 $36) 12... dxe4 13. Ng5 Rf8 $1 {More display of flexibility. Since White
will have spent some time with moving around with his minor pieces, Black can
also "lose" two tempi in order to avoid strategic concessions.} ({Of course,
not} 13... e6 $2 {, which would kill the c8-bishop's activity.}) 14. Nxe4 Nf6
15. Nxf6+ (15. Nc5 Nd5 16. O-O Nxe3 17. fxe3 {looks active for White, who has
some pressure against b7 and f7. However, after} Bf5 $5 $132 {/\...b6; /\...
Rad8, everything seems to be in order for Black:} 18. e4 Bxh3 $1 19. gxh3 Bxd4+
$1 20. Qxd4 Qg3+ $11) 15... Bxf6 16. h4 $6 {After Be3 and Qd2, this may look
consequent, but Ivanchuk's accurate answer proves the attacking plan not only
inoffensive, but also prejudicial for White in a surprising way.} ({In the
event of} 16. O-O {Black could prepare either ...c5 or ...e5. One possible
continuation is} Rd8 (16... Qd6 {fails to achieve the bishop exchange with ...
Be6 after} 17. Rfe1 $1 $14) 17. Rfe1 e5 $5 18. c3 exd4 19. cxd4 {Black only
needs to neutralise the b3-bishop to reach a comfortable position. The
simplest way to do it is} Be6 20. Bxe6 fxe6 $11 {The mutual weaknesses
compensate for each other.}) 16... Qd6 $1 {Once again changing plans. After ...
Be6, one important attacking piece is eliminated and the white king starts
feeling insecure in practically all the areas of the board.} ({The standard
pawn break} 16... c5 {offers White attacking chances after, for instance:} 17.
h5 Rd8 18. hxg6 hxg6 19. Bf4 Qd7 20. d5 $5 Bxb2 {Otherwise White is slightly
better.} 21. Ra4 {Threatening to trap the bishop with c2-c3.} Bg7 22. Bh6 Bf6
23. Bg5 Qf5 24. Bxf6 Qxf6 25. Rah4 Qa1+ 26. Ke2 Qe5+ 27. Qe3 Qxe3+ 28. Kxe3 $40
{White's attack, combined with his lead in development, remains dangerous even
with the queens off the board.}) 17. h5 Be6 18. hxg6 {Opening the h-file and
castling short after that is almost suicidial.} (18. Bxe6 Qxe6 19. O-O ({After
} 19. O-O-O Qa2 20. Qb4 Rfd8 21. c3 b6 {it is mainly Black who attacks.}) 19...
Rfd8 $15 {At the right moment, ...gxh5 will win a pawn for Black. As the game
shows, hxg6 is simply forbidden!}) 18... hxg6 19. Bxe6 Qxe6 20. O-O Rfd8 21.
Qb4 ({Trying to avoid the loss of the d4-pawn after, for instance,} 21. Rfe1
Rd5 22. f3 Rad8) 21... Rd7 22. Rfd1 Kg7 $1 $17 {Suddenly, there is no
satisfactory answer to ...Rh8 followed by a simple attack along the h-file.
Ironically White has spent three of his developing tempi with his h-pawn in
order to open the file for Black.} 23. c4 Rh8 24. Qc5 Qe4 25. d5 Qh4 26. f4
Qh2+ 27. Kf2 Rh3 28. Rg1 cxd5 29. Kf1 (29. cxd5 Qg3+ 30. Ke2 Rxd5 $1 $19) 29...
Rh5 30. Qc8 Rd6 31. Qxb7 Re6 32. Qxa7 d4 33. Bd2 Qg3 34. Ra3 Qg4 35. Rf3 Qf5
36. g4 Qb1+ 37. Kg2 Re2+ 38. Rf2 Qe4+ 39. Kf1 Rxf2+ 40. Kxf2 Bh4+ 41. Rg3 Bxg3+
42. Kxg3 Qd3+ 0-1

[Event "Grand Slam Final 4th"]
[Site "Sao Paulo/Bilbao"]
[Date "2011.09.30"]
[Round "4"]
[White "Aronian, Levon"]
[Black "Ivanchuk, Vassily"]
[Result "0-1"]
[WhiteElo "2807"]
[BlackElo "2765"]
[Annotator "Krasenkow,M"]
[PlyCount "76"]
[EventDate "2011.09.26"]
[EventType "tourn"]
[EventRounds "10"]
[EventCountry "BRA"]
[EventCategory "22"]
[SourceTitle "CBM 145"]
[Source "ChessBase"]
[SourceDate "2011.11.11"]
[SourceVersion "1"]
[SourceVersionDate "2011.11.11"]
[SourceQuality "1"]

1. Nf3 d5 2. c4 e6 3. d4 Nf6 4. Nc3 Nbd7 5. Bg5 Bb4 6. cxd5 exd5 7. Nd2 {
A relatively new reaction to the Westphalian System. However, the knight move
looks somewhat artificial.} c6 (7... Be7 {[%cal Yb7b6,Yc7c5] is another
logical plan.}) 8. e3 Nf8 (8... O-O {is apparently less accurate as Black will
need to play ...Rf8-e8 to transfer his knight to e6:} 9. Bd3 Re8 10. Qc2 $142
$1 {[%cal Ye1c1]} (10. O-O Nf8 11. a3 (11. Qf3 Be7 12. Rab1 h6 13. Bxf6 Bxf6
14. b4 a6 15. a4 b5 16. Rfc1 Ne6 17. Ne2 Bd7 18. Ng3 g6 $11 {0-1 Krizsany,L 
(2370)-Luther,T (2480)/Kecskemet 1993/CBM 037 ext (55)}) (11. Qc2 Bd6 12. Kh1
g6 13. Rae1 Ne6 14. Bh4 Be7 15. f3 c5 16. dxc5 Nxc5 17. Nb3 Nxd3 18. Qxd3 Be6
19. Re2 Qb6 {1/2 Oms Pallisse,J-Garcia Ilundain,D (2480)/Las Palmas 1993/EXT
1998}) 11... Be7 (11... Bd6 12. b4 (12. e4 dxe4 13. Ndxe4 Be7 14. Bxf6 Bxf6 15.
Nxf6+ Qxf6 16. d5 Rd8 17. Be4 Be6 18. Qb3 cxd5 19. Bxd5 Rd7 $11 {1/2 Dreev,A 
(2705)-Zvjaginsev,V (2649)/Sochi 2005/CBM 107 (22)}) (12. Qf3 Be7 13. Bxf6 Bxf6
14. b4 Be7 15. Rfc1 Bd6 16. Na4 Qg5 17. Qe2 Bg4 $11 {0-1 Beliavsky,A (2654)
-Milov,V (2626)/Saint Vincent 2000/CBM 078 (63)}) 12... Ne6 (12... a6 $5) 13.
Bh4 g6 14. b5 Ng7 15. bxc6 bxc6 16. Bg3 Nf5 17. Bxf5 Bxf5 18. Qa4 Bxg3 19. hxg3
Qd6 20. Rfc1 Ng4 21. Nd1 $14 {[%csl Rc6] 1-0 Suba,M (2520)-Gonzalez Aguirre,L 
(2300)/Oviedo 1993/CBM 038 ext (36)}) 12. b4 a6 13. Nb3 (13. Rb1 Ng4 14. Bxe7
Qxe7 15. Nf3 Ng6 16. Re1 Be6 17. Qc2 Qf6 18. e4 dxe4 19. Bxe4 Rad8 20. Rbd1 Qf4
21. g3 Qh6 $13 {0-1 Zlotnik,B (2455)-Campos,J (2470)/Palma de Mallorca 1992/TD
(52)}) 13... Ng4 (13... Ng6 14. Qc2 Ng4 15. Bxe7 Qxe7 16. h3 Nh6 17. Rae1 f5
18. f4 Qf6 19. Nd2 Nf7 20. Nf3 Nd6 21. Ne5 $14 {1-0 Suba,M (2520)-Campos,J 
(2485)/Caceres 1996/EXT 2004 (36)}) 14. Bxe7 Qc7 15. g3 Qxe7 16. Qf3 Nh6 17.
Rfe1 Bh3 18. Bf1 Bxf1 19. Kxf1 Ne6 20. h4 f5 21. Nc5 Rf8 22. Ne2 Ng4 23. Kg2
Nf6 24. Nf4 Nd8 25. a4 Ne4 26. Qd1 Nf7 27. f3 Ned6 $11 {1/2 Suba,M (2487)
-Campos Moreno,J (2491)/Barcelona 2000/CBM 077 ext (48)}) 10... Nf8 11. a3 (11.
O-O-O Be6 12. Kb1 Rc8 13. Nb3 b6 14. Ba6 Rb8 15. Be2 Ng6 16. h4 h6 17. h5 Nf8
18. Bh4 Be7 19. Bg3 Bd6 20. Bh4 Be7 21. Ka1 a5 $13 {1-0 Sakaev,K (2634)
-Vitiugov,N (2594)/Khanty Mansiysk 2007/CBM 122 (64)}) 11... Be7 (11... Bd6 12.
O-O-O a5 13. Kb1 Be7 14. h3 Ne4 15. Bxe7 Nxc3+ 16. Qxc3 Qxe7 17. Nb3 Qf6 18.
Qc2 b6 19. g4 Bd7 20. Rhg1 Rac8 21. Bf5 $14 {1-0 Vokac,M (2440)-Luther,T (2495)
/Brno 1991/CBM 026 (37)}) 12. O-O (12. O-O-O Be6 13. Kb1 b6 14. Nf3 b5 15. Ne5
Qb6 16. Ne2 b4 17. Qxc6 bxa3 18. Qxb6 axb6 19. Nc6 Bd6 20. Bf4 Bxf4 21. Nxf4
$14 {1-0 Pantsulaia,L (2490)-Petrosian,T (2321)/Yerevan 2004/CBM 103 ext (34)})
12... g6 13. b4 a6 14. Nb3 Ne6 15. Bh4 Ng7 16. f3 Bf5 17. Bf2 Bxd3 18. Qxd3 Bd6
19. Kh1 Nd7 20. e4 Nb6 21. Nc5 Qc7 22. Bg1 Rad8 23. a4 $14 {1-0 Abbasov,F 
(2537)-Bajarani,U (2393)/Baku 2011/CBM 140 Extra (38)}) (8... Nb6 9. Qc2 Be6
10. Bd3 h6 11. Bh4 Be7 12. O-O O-O 13. Nf3 Nfd7 14. Bg3 c5 {1/2 Almeida
Quintana,O (2488)-Baron Rodriguez,J (2431)/Havana 2007/CBM 118 ext (40)} 15.
Nb5 $1 $14) (8... h6 $5 9. Bh4 O-O 10. Bd3 Re8 11. O-O Be7 (11... Nf8 12. Qc2
Bd6 13. Bg3 Bxg3 14. hxg3 Ne6 15. b4 Qe7 16. Rab1 Ng5 17. b5 c5 18. dxc5 Qxc5
19. Rfc1 d4 20. Nd1 Qxc2 21. Rxc2 Bg4 22. Nc4 Rad8 23. Ndb2 Nd5 24. exd4 {
1/2 Arlandi,E (2435)-Braga,F (2385)/Reggio Emilia 1992/EXT 2000}) 12. Qc2 b6
13. e4 dxe4 14. Ndxe4 Bb7 15. Rfe1 Nxe4 16. Bxe7 Rxe7 17. Nxe4 Nf8 18. Rad1 Qd7
19. Bc4 Rae8 $11 {1/2 Vokac,M (2465)-Jirovsky,M (2420)/Luhacovice 1993/TD (54)}
) 9. Bd3 Be7 (9... Ne6 10. Bxf6 Qxf6 11. Qa4 {[%cal Rc3d5]} Bxc3 12. bxc3 O-O
13. O-O h5 14. Rae1 h4 15. Qd1 Re8 16. f4 c5 17. Qh5 Nc7 18. Qh7+ Kf8 19. e4
$16 {1-0 Vokac,M (2485)-Zvolanek,L (2365)/Czechia 1994/TD (35)}) (9... Ng6 10.
Qa4 $1 (10. O-O O-O 11. h4 (11. Qc2 h6 $11) 11... h6 12. h5 hxg5 13. hxg6 fxg6
14. Qb3 Ba5 15. e4 Bb6 16. exd5 cxd5 17. Nde4 $1 Be6 18. Rae1 Bxd4 19. Nxf6+
Rxf6 20. Rxe6 Rxe6 21. Nxd5 $44 {1-0 Ftacnik,L (2535)-Winants,L (2505)/Tilburg
1992/CBM 032/[Ftacnik] (26)}) 10... Be7 11. Qc2 Be6 12. h3 $14 Bb4 $6 13. f4 $1
Bd7 14. O-O $16 h6 $6 15. Bxg6 fxg6 16. Qxg6+ Kf8 17. Bh4 Qe8 18. Qd3 $16 {
1/2 Chernin,A (2620)-Greenfeld,A (2520)/Beersheba 1992/CBM 030 (36)}) 10. Qc2 (
10. h3 Ne6 11. Bh4 O-O 12. O-O g6 13. a3 a5 14. Na4 Ra7 15. Qc2 Ng7 16. Nc5 Nf5
17. Bxf6 Bxf6 18. Nf3 Be7 19. Rfe1 Bd6 $10 {1/2 Alterman,B (2515)-Dizdar,G 
(2495)/Debrecen 1992/EU-chT (31)}) 10... Ne6 11. Bh4 g6 {[%cal Ye6g7,Yc8f5]
One of the key ideas of the Queen's Gambit Exchanged.} 12. h3 O-O ({For} 12...
Ng7 {White has prepared} 13. g4 h5 14. O-O-O $1) 13. Nf3 (13. O-O Ng7 $1 {as}
14. g4 {is now obviously inappropriate}) (13. O-O-O c5 $1) 13... a5 {A useful
move, both for the queenside counterplay (if White castles long) and to
prevent b2-b4 (in case White castles kingside).} 14. g4 $6 {Aronian's pet move.
But it was more appropriate here to create pressure on the queenside:} (14. O-O
$142 Ng7 15. Qb3 {[%cal Yc3a4]}) 14... b5 $1 15. Ne5 (15. O-O-O a4 $36 {<<}) (
15. O-O $5) 15... Bb7 16. f4 c5 $1 {[%mdl 4] It turns out that Black is better
prepared for the complications.} 17. f5 $6 (17. Nxb5 cxd4 18. Nxd4 Nxd4 19.
exd4 Ne4 $44) 17... cxd4 18. fxe6 dxc3 19. O-O d4 $5 20. Nxf7 $2 {After this
bad move Black starts a decisive attack.} (20. exf7+ Kg7 21. bxc3 dxe3 22. Qh2
$1 $13 {was still playable.}) 20... Qd5 $19 {[%cal Rd5h1,Rd5e6][%mdl 128]} 21.
Bxf6 (21. e4 Qxe6 22. Ng5 $8 Qe5 {[%cal Rf6d7]} 23. Nf3 (23. Qb3+ Nd5 $1) (23.
bxc3 Nd7 $1 24. Qb3+ Kh8 25. Nf7+ Rxf7 26. Qxf7 Bxh4) 23... Qf4 24. Rae1 Nxg4
$1 25. hxg4 (25. Bxe7 Qg3+ 26. Qg2 Rxf3) 25... Qxg4+ 26. Qg2 Qxg2+ 27. Kxg2
Rxf3 $1 28. Rxf3 Bxh4 $19) 21... Qh1+ 22. Kf2 Qxh3 $1 23. Ke1 cxb2 24. Qxb2
Bb4+ 25. Kd1 Bf3+ 26. Rxf3 Qxf3+ 27. Be2 Qxf6 28. g5 Qg7 29. Qxd4 {
Time-trouble chaos now takes the floor.} Rxf7 $138 (29... Bc5 $142 $1 30. Qxg7+
Kxg7 31. Bxb5 Rab8 32. a4 Rb6 $19) 30. exf7+ Qxf7 31. Rc1 (31. Bxb5 Rc8 32. Qe4
$1 Rc5 $17 {[%csl Rg5]}) 31... Rb8 32. a4 $4 $138 {[%mdl 8192]} (32. Rc2 {
still enabled White to fight on.}) 32... Qb3+ 33. Rc2 Qb1+ 34. Rc1 Qb3+ 35. Rc2
Rc8 36. Bc4+ bxc4 37. Qd5+ Kf8 38. Qd7 Re8 0-1